Quiz sur l'Albanie - Statistiques

Statistiques générales
  • Ce quiz a été pris 9 195 fois
  • Le résultat moyen est 12 sur 20
Statistiques - réponses
Question Réponse % Correct
Capitale et plus grande ville Tirana
94%
Animal qui figure sur le drapeau national Aigle
93%
Pays frontaliers Kosovo
93%
Pays frontaliers Grèce
92%
Pays frontaliers Macédoine du Nord
91%
Pays frontaliers Monténégro
91%
Religion la plus pratiquée Islam
88%
Empire qui contrôlait l'Albanie de 1480 à 1912 Empire Ottoman
82%
Mers qui bordent l'Albanie Mer Adriatique
73%
Péninsule sur laquelle l'Albanie se situe Balkans
67%
Pays qui a envahi l'Albanie en 1939 Italie
67%
Alliance que l'Albanie a quittée en 1968 Pacte de {Varsovie}
61%
Religieuse albanaise qui a reçu le Prix Nobel de la Paix en 1979 Mère Teresa
54%
Légume considéré à tort comme riche en fer qui fourre les börek, patisseries albanaises Épinard
48%
Mers qui bordent l'Albanie Mer Ionienne
30%
Devise monétaire Lek
27%
Deuxième ville la plus peuplée Durrës
26%
Dictateur qui a dirigé l'Albanie de 1944 à 1985 Enver Hoxha
21%
L'officier albanais Méhémet Ali est considéré comme le fondateur moderne de ce pays Égypte
16%
Le plus vieux lac d'Europe, situé en Albanie Lac d'{Ohrid}
14%
Aucun quiz correspondant
Distribution des résultats
% des personnes avec chaque résultat
Percentile par nombre de réponses
Votre historique - résultats
Vous n’avez pas pris ce quiz